Normal view
MARC view
- SALMAN,ZOYA,FATIMA,DR UMAR IZHER
Entry Personal Name
001 - CONTROL NUMBER
- control field: 72272
003 - CONTROL NUMBER IDENTIFIER
- control field: NUST
005 - DATE AND TIME OF LATEST TRANSACTION
- control field: 20210628204751.0
008 - FIXED-LENGTH DATA ELEMENTS
- fixed length control field: 210628|| aca||aabn | a|a d
040 ## - CATALOGING SOURCE
- Original cataloging agency: NUST
- Transcribing agency: NUST
100 ## - HEADING--PERSONAL NAME
- Personal name: SALMAN,ZOYA,FATIMA,DR UMAR IZHER
670 ## - SOURCE DATA FOUND
- Source citation: Work cat.: (NUST): SALMAN,ZOYA,FATIMA,DR UMAR IZHER, PR-SOF-1170-LANDMINES DETECTION SYSTEM, 2012
